000 00471nam a22001697a 4500
005 20251108165425.0
008 250721s1997 xx 000 0 ara d
082 1 4 _a947.056/أحم
100 1 _aرسلان، أحمد فؤاد
245 1 0 _aأرمينيا :
_bالأمة و الدولة /
264 1 _aالقاهره :
_bدار الأمين،
_c1997.
300 _a446ص
650 1 7 _aأرمينيا
650 1 7 _aالأرمن
942 _2ddc
_cBK
999 _c27560
_d27560